000 00311nam a22001337a 4500
020 _a978-81-264-2211-1
082 _a030
_bNEL/M
100 _aNAIR, NEELAKANDAN
245 _aMALAYALAM-HINDI=ENGLISH-NIGHANDU
260 _aKOTTAYAM
_bDC BOOKS
_c2011
300 _a855
650 _aDICTIONARY
_zINDIA
942 _cBK
999 _c1752
_d1752